Āciya jōti. (Record no. 79854)

MARC details
000 -LEADER
fixed length control field 00645cam a22002291 4500
001 - CONTROL NUMBER
control field sa 68003932
003 - CONTROL NUMBER IDENTIFIER
control field DLC
005 - DATE AND TIME OF LATEST TRANSACTION
control field 20260227112457.0
008 - FIXED-LENGTH DATA ELEMENTS--GENERAL INFORMATION
fixed length control field 891229s1966 ii 000 0 tamo
010 ## - LIBRARY OF CONGRESS CONTROL NUMBER
LC control number sa 68003932
035 ## - SYSTEM CONTROL NUMBER
System control number (OCoLC)20835595
040 ## - CATALOGING SOURCE
Original cataloging agency DLC
Transcribing agency WaU
Modifying agency DLC
050 00 - LIBRARY OF CONGRESS CALL NUMBER
Classification number PL4758.9.D4
Item number A64 1966
100 1# - MAIN ENTRY--PERSONAL NAME
Personal name Tēcika Vināyakam Piḷḷai, Ci.,
Dates associated with a name 1876-1954.
245 10 - TITLE STATEMENT
Title Āciya jōti.
260 ## - PUBLICATION, DISTRIBUTION, ETC.
Date of publication, distribution, etc. [1966]
300 ## - PHYSICAL DESCRIPTION
Extent 88 p.
Dimensions 18 cm.
500 ## - GENERAL NOTE
General note In Tamil.
500 ## - GENERAL NOTE
General note Based on Light of Asia by Sir Edwin Arnold.
600 00 - SUBJECT ADDED ENTRY--PERSONAL NAME
Personal name Gautama Buddha
General subdivision Poetry.
700 1# - ADDED ENTRY--PERSONAL NAME
Personal name Arnold, Edwin,
Titles and other words associated with a name Sir,
Dates associated with a name 1832-1904.
Title of a work Light of Asia.

No items available.

Powered by Koha